NBA 1987 Playoffs Starters - Statistics

General Stats
  • This quiz has been taken 474 times
  • The average score is 44 of 80
Answer Stats
Team Player % Correct
Celtics Larry Bird
99%
Lakers Magic Johnson
99%
Bulls Michael Jordan
98%
Celtics Dennis Johnson
97%
Trail Blazers Steve Johnson
97%
Pistons Isiah Thomas
96%
Jazz Karl Malone
96%
Celtics Kevin McHale
96%
Bullets Jeff Malone
95%
Lakers Kareem Abdul-Jabbar
95%
Bullets Moses Malone
95%
Celtics Robert Parish
94%
Hawks Dominique Wilkins
93%
Rockets Hakeem Olajuwon
91%
Lakers James Worthy
90%
Pistons Joe Dumars
89%
Pistons Bill Laimbeer
88%
Trail Blazers Clyde Drexler
87%
76ers Charles Barkley
85%
76ers Julius Erving
83%
Nuggets Alex English
81%
Warriors Chris Mullin
80%
Bucks Sidney Moncrief
80%
Celtics Danny Ainge
76%
Mavericks Mark Aguirre
76%
Lakers Byron Scott
74%
Lakers A.C. Green
73%
Warriors Larry Smith
73%
Jazz Rickey Green
73%
76ers Maurice Cheeks
71%
Pacers Herb Williams
69%
Jazz Mark Eaton
68%
Bulls Charles Oakley
67%
Hawks Doc Rivers
66%
Rockets Ralph Sampson
65%
Pistons Adrian Dantley
63%
Mavericks Rolando Blackman
62%
Trail Blazers Caldwell Jones
61%
Bullets Charles Jones
61%
Bulls John Paxson
61%
Trail Blazers Terry Porter
61%
Mavericks Derek Harper
58%
Nuggets Fat Lever
57%
Pistons Rick Mahorn
57%
Hawks Kevin Willis
54%
Bucks Jack Sikma
52%
Hawks Tree Rollins
47%
76ers Cliff Robinson
45%
SuperSonics Dale Ellis
43%
Bucks Terry Cummings
42%
Trail Blazers Kiki Vandeweghe
38%
Mavericks James Donaldson
37%
Warriors Sleepy Floyd
35%
SuperSonics Tom Chambers
33%
SuperSonics Xavier McDaniel
33%
Pacers Chuck Person
32%
Mavericks Sam Perkins
31%
Bucks Paul Pressey
27%
Warriors Joe Barry Carroll
26%
SuperSonics Nate McMillan
26%
SuperSonics Alton Lister
21%
Bulls Dave Corzine
21%
Pacers John Long
21%
Bucks John Lucas
20%
Jazz Kelly Tripucka
20%
Nuggets Darrell Walker
19%
Rockets Robert Reid
18%
Hawks Randy Wittman
16%
Pacers Vern Fleming
16%
Rockets Rodney McCray
14%
Rockets Allen Leavell
10%
Jazz Bob Hansen
10%
Nuggets Blair Rasmussen
9%
Warriors Rod Higgins
8%
Pacers Steve Stipanovich
8%
Bulls Gene Banks
7%
Bullets Terry Catledge
7%
Nuggets Bill Hanzlik
6%
76ers Tim McCormick
6%
Bullets Ennis Whatley
5%
No matching quizzes found
Score Distribution
Percent of People with Each Score
Percentile by Number Answered
Your Score History
You have not taken this quiz